000 01282nam0a2200325 4500
001 RU\NLR\BIBL_A\016366340
005 20230609160421.0
010 _a978-5-9973-6542-4
_920
021 _aRU
_bКН-П-23-026024
_9КН-П-23-2590
035 _a(NLR Aleph) 016366340
035 _a(RuMoRGB)011744962
090 _a13168016
_c13168016
100 _a20230512d2023 k y0rusy50 ca
101 0 _arus
102 _aRU
105 _aa z 000zy
181 0 _ai3
_baxxe
182 0 _an
200 1 _aУлучшение работы компании с использованием аналогий из разных областей и описанием бизнес-процессов
_fА. Е. Гапанюк
203 _aТекст
_bвизуальный
_cнепосредственный
210 _aМосква
_cСпутник+
_d2023
215 _a71 с.
_cил., табл.
_d21
320 _aБиблиогр.: с. 35-38
606 1 _aМалые предприятия
_xЭкономика
_2nlr_sh2
_3RU\NLR\AUTH\661540697
686 1 _aУ29(2Р)
700 1 _aГапанюк
_bА. Е.
_f1986-
_gАнтон Евгеньевич
_3RU\NLR\AUTH\770253221
942 _cBOOK
980 _aNB